000 00484nam a2200181Ia 4500
001 8669
005 20260306160626.0
008 260306t2013||||xx |||||||||||||| ||spa||
041 _aESP
082 _a371.27
_bL86
100 _aLópez, Alexis
_eAUT
245 0 _aLa evaluación como herramienta para el aprendizaje:
_bconceptos, estrategias y recomendaciones
260 _c2013
300 _a143 páginas :
_c24 cm.
650 _aGEN
654 _aCED
942 _cLIB
_dJUS
_fJUS
_2ddc
_n
999 _c8669
_d8669